| 000 | 00693nam a22001937a 4500 | ||
|---|---|---|---|
| 999 |
_c176201 _d176201 |
||
| 005 | 20201201105937.0 | ||
| 010 | _aUR-10950 | ||
| 020 |
_c300.00 _a9789390100408 |
||
| 035 | _aU-9505 | ||
| 037 | _bDBAD/PUB | ||
| 082 | _a921 | ||
| 100 | _aمحمد ا نو ر حفيظ ند و ی | ||
| 245 |
_aنفو ش ز ند گی _cمحمد ا نو ر حفيظ ند و ی |
||
| 246 |
_bNaqoosh-e-Zindgi (Urdu) _aby Mohd. Anwar Hafeez Nidvi |
||
| 260 |
_aN.Delhi _bEducational Publishing House _c2020 ء |
||
| 270 |
_aH.O.D1/16,Ansari Road,Darya ganj, _bN.Delhi _e110002 _k45678285,23216162 _l0091-11-23211540 |
||
| 300 |
_a200 ص _c22 Cm(Hb) |
||
| 942 |
_2ddc _cUR _h921 _mم ح م |
||